000 00811cab a2200241 4500
001 ABS47246
008 090401t1992 xxu||||| |||| 00| 0 eng d
035 _a(Sirsi) u61199
041 _aeng
100 _aHalman, G.
245 _aPrivate roads under another guise?
260 _c1992
350 _a0
490 _aPlanning (for the Natural and Built Environment)
_v(989) 9 October 1992, 14-15; (990) 16 October 1992
520 _aExamines the Department of Transport`s controversial proposals to extract contributions from developers for road improvements made necessary by their projects.
650 _aCONTRACTORS
650 _aNEW DEVELOPMENTS
650 _aROAD IMPROVEMENTS
690 _aHIGHWAYS RIGHTS OF WAY AND EASEMENTS
700 _aFordham, R.
942 _n0
948 _c04/03/1997
999 _c37863
_d37863